Every Place Mentioned in Beatles Lyrics - Statistics

General Stats
  • This quiz has been taken 827 times
  • The average score is 22 of 35
Answer Stats
Song Hint Answer Lyric % Correct
Back in the _____ Former country Soviet Union I'm back in the U.S.S.R
93%
Back in the _____ Russian city Moscow And Moscow girls make me sing and shout
92%
Back in the _____ Florida city Miami Beach Flew in from Miami Beach, BOAC
86%
I Am the Walrus Paris landmark Eiffel Tower Semolina Pilchard climbing up the Eiffel Tower
85%
The Ballad of John and Yoko English city London Caught the early plane back to London
84%
The Ballad of John and Yoko French city Paris Finally made the plane into Paris
81%
The Ballad of John and Yoko Dutch city Amsterdam Drove from Paris to the Amsterdam Hilton
78%
Blue Jay Way California city Los Angeles There's a fog upon LA
78%
Honey Pie Ocean Atlantic Ocean Sail across the Atlantic to be where you belong
77%
The Ballad of John and Yoko Austrian city Vienna Made a lightnin' trip to Vienna
77%
__________ _____s Forever Liverpool orphanage Strawberry Field Strawberry Fields forever
75%
Honey Pie North American country United States Now she's hit the big time in the USA
75%
The Ballad of John and Yoko European country Spain near Spain
72%
Back in the _____ Caucasus country Georgia That Georgia's always on my, my, my, my, my, my, my, my, my, mind
71%
_____ ____ Liverpool street / neighbourhood Penny Lane Penny Lane is in my ears and in my eyes
70%
The Ballad of John and Yoko French river Seine Honeymoonin' down by the Seine
70%
Get Back US state California for some California grass
69%
Back in the _____ European country Ukraine Well the Ukraine girls really knock me out
69%
Maggie Mae English city Liverpool 'Tis the port of Liverpool they returned me to
68%
______ ____ / Hey-Hey-Hey-Hey Missouri city Kansas City Ah, Kansas City, gonna get my baby back home
67%
The Ballad of John and Yoko European country France or France
66%
A Day In The Life Upper house of parliament House of Lords Nobody was really sure if he was from the House of Lords
63%
Get Back Arizona city Tucson Jojo left his home in Tucson, Arizona
63%
Honey Pie British Isles country England She was a working girl, north of England way
60%
When I'm Sixty-Four English island Isle of Wight Every summer we can rent a cottage in the Isle of Wight, if it's not too dear
59%
The Ballad of John and Yoko European country Netherlands Tryna get to Holland
59%
The Ballad of John and Yoko UK overseas territory Gibraltar You can get married in Gibraltar
50%
Honey Pie Los Angeles neighbourhood Hollywood Come and show me the magic of your Hollywood song
50%
A Day In The Life London theatre Royal Albert Hall Now they know how many holes it takes to fill the Albert Hall
47%
A Day In The Life Lancashire town Blackburn Four thousand holes in Blackburn, Lancashire
42%
Rocky Raccoon South Dakota mountain range Black Hills Now somewhere in the Black Mountain Hills of Dakota there lived a young boy named Rocky Raccoon
38%
The Ballad of John and Yoko English city Southampton Standing in the dock at Southampton
38%
Maggie Mae Liverpool street / train station Lime Street And she'll never walk down Lime Street anymore
21%
Being For The Benefit Of Mr. Kite! City of London ward Bishopsgate The celebrated Mr. K performs his feat on Saturday at Bishopsgate
16%
Cry Baby Cry Scottish town Kirkcaldy The Duchess of Kirkcaldy always smiling and arriving late for tea
5%
No matching quizzes found
Score Distribution
Percent of People with Each Score
Percentile by Number Answered
Your Score History
You have not taken this quiz